| 000 | 00000nam##2200000za#4500 |
| 001 | 9.609570 |
| 003 | CaOODSP |
| 005 | 20200401040604 |
| 007 | ta |
| 008 | 150406|1991||||xxc||||| f|0| 0 eng|d |
| 022 | |a0706-6457 |
| 040 | |aCaOODSP|beng |
| 043 | |an-cn--- |
| 086 | 1 |aFs97-6/1784E |
| 110 | 1 |aCanada. |bDepartment of Fisheries and Oceans. |
| 245 | 10|aQuantitative structure-activity relationships for chronic toxicity of phenol, p-chlorophenol, 2,4-dichlorophenol, pentachlorophenol, p-nitrophenol and 1,2,4-trichlorobenzene to early life stages of rainbow trout (Oncorhynchus mykiss) / |cby P. V. Hodson et al. |
| 260 | |aOttawa - Ontario : |bFisheries and Oceans Canada |c1991. |
| 300 | |a56p. : |bfigs., tables ; |c28 cm. |
| 490 | 1 |aCanadian technical report of fisheries and aquatic sciences|x0706-6457|v1784 |
| 500 | |aPrepared in the Physical and Chemical Sciences Branch, Department of Fisheries and Oceans, Maurice Lamontagne Institute, C.P. 1000, Mont-Joli (Québec) G5H 3Z4. |
| 504 | |aBibliography. |
| 546 | |aRésumés en français |
| 563 | |aSoftcover |
| 720 | 1 |aHodson, P.V. |
| 776 | 0#|tQuantitative structure-activity relationships for chronic toxicity of phenol, p-chlorophenol, 2,4-dichlorophenol, pentachlorophenol, p-nitrophenol, and 1,2,4-trichlorobenzene to early life stages of rainbow trout (Oncorhynchus mykiss) / |w(CaOODSP)9.573755 |
| 830 | #0|aCanadian technical report of fisheries and aquatic sciences,|x0706-6457|v1784|w(CaOODSP)9.514691 |